000 00844 a2200241 4500
005 20180312141943.0
008 131003s1982 xxua br|||| 00| 0 eng d
020 _a006444034
040 _aCO-BoUCM
_bspa
_cJose A. Gerena
_dJose A. Gerena
041 0 0 _aeng
100 1 _aLobel, Arnold
_947254
245 1 0 _aOwl at home
_cArnold Lobel
260 _c1982
_bHarper trophy
_aNueva York (Estados Unidos)
300 _a64 páginas
_bilustraciones a color
490 _aAn i can read a book
650 7 _918516
_aLibros ilustrados para niños
650 7 _918524
_aLibros y lectura para niños
650 7 _918685
_aLiteratura infantil estadounidense
650 7 _99115
_aAnimales en la literatura
690 _942862
_aLiteratura estadounidense
942 _a18
_cLIBRO
_e1
_mL783
_2DEWEY
_h818.54
_n0
999 _c181857
_d181857